O meu avô (Registo nº 24172)
[ vista simples ]
| 000 -Etiqueta do registo | |
|---|---|
| Valores | 00597nam a22002171i 4500 |
| 010 ## - Número ISBN | |
| ISBN | 9789898327321 |
| 090 ## - | |
| -- | 24172 |
| 100 ## - Dados gerais de processamento | |
| Dados gerais | 20170304u u u0frey50 ba |
| 101 0# - Língua de publicação | |
| -- | por |
| 200 1# - Titulo e menção de responsabilidade | |
| Primeira menção de responsabilidade | Catarina Sobral |
| Título próprio | O meu avô |
| 210 ## - Publicação | |
| Nome do editor | Orfeu Negro |
| Local de publicação | Lisboa |
| Data de publicação | 2014 |
| 215 ## - Descrição física | |
| Paginação / Volumes | [42] p. |
| Outras indicações físicas | il. |
| Dimensões | 20 cm |
| 225 2# - Colecção | |
| Título próprio da colecção | Orfeu mini |
| 300 ## - Notas gerais | |
| Texto da nota | Ler+ Plano Nacional de Leitura. - Prémio Internacional de Ilustração 2014 |
| 606 ## - Nome comum usado como assunto | |
| ID Autoridade | 187 |
| Palavra de ordem | Histórias para crianças |
| 675 ## - CDU | |
| Notação | 087.5 |
| -- | 2104 |
| 700 #1 - Autor principal (pessoa individual) | |
| Apelido | Sobral |
| Nome | Catarina |
| -- | 070 |
| ID Autoridade | 305 |
| 801 ## - Fonte de origem | |
| País | PT |
| Regras de catalogação | RPC |
| 990 ## - Elementos KOHA | |
| Tipo de documento | Livro |
| 994 ## - Estado da catalogação | |
| -- | COMP |
| Situação do levantamento | Estado | Biblioteca de origem | Biblioteca de empréstimo | Código de barras | Cota | Permissão de empréstimo | Tipo de documento | Nota relativa ao exemplar |
|---|---|---|---|---|---|---|---|---|
| Completo | Biblioteca Municipal de Viana Do Alentejo | Biblioteca Municipal de Viana Do Alentejo | 0030569 | 087.5 SOB | Disponível | Livro | 0-5 anos |